Identity politics in Central Asia and the Muslim world: nationalism, ethnicity a (Record no. 15002)

MARC details
000 -LEADER
fixed length control field 00584nam a2200169Ia 4500
082 ## - DEWEY DECIMAL CLASSIFICATION NUMBER
Classification number 320.540958 IDE-
245 #0 - TITLE STATEMENT
Title Identity politics in Central Asia and the Muslim world: nationalism, ethnicity a
260 ## - PUBLICATION, DISTRIBUTION, ETC. (IMPRINT)
Place of publication London
Name of publisher I.B. Tauris Publishers
Year of publication 2001
300 ## - PHYSICAL DESCRIPTION
Number of Pages vii, 235p
650 ## - SUBJECT ADDED ENTRY--TOPICAL TERM
Topical Term Asia, Central
Form subdivision Politics and Government
Geographic subdivision 21st Century
650 ## - SUBJECT ADDED ENTRY--TOPICAL TERM
Topical Term Nationalism
Form subdivision Asia, Central
Geographic subdivision 21st Century
650 ## - SUBJECT ADDED ENTRY--TOPICAL TERM
Topical Term Ehnicity
Form subdivision Asia, Central
Geographic subdivision 21st Century
650 ## - SUBJECT ADDED ENTRY--TOPICAL TERM
Topical Term Islam
Form subdivision Asia, Central
Geographic subdivision 21st Century
700 ## - ADDED ENTRY--PERSONAL NAME
Personal name Schendel, Willem Van
700 ## - ADDED ENTRY--PERSONAL NAME
Personal name Zurcher, Erik J.
942 ## - ADDED ENTRY ELEMENTS (KOHA)
Koha item type Books
Holdings
Withdrawn status Lost status Damaged status Not for loan Collection code Home library Current library Date acquired Source of acquisition Bill Date Full call number Accession Number Price effective from Koha item type
        Docas Books NASSDOC Library NASSDOC Library 30/12/2016 Gifted by : DOCAS Collection 2004-10-22 320.540958 IDE- D002031 18/04/2019 Books